Využitie viacdimenzionálneho prístupu pri rekonštrukcii SvF STU

Saved in:
Bibliographic Details
Main Author: Slováčik, Andrej (Author)
Other Authors: Funtík, Tomáš (Thesis advisor)
Format: Manuscript Book
Language:Slovak
Published: 2016
Subjects:
Online Access:http://is.stuba.sk/zp/portal_zp.pl?podrobnosti=117467
https://opac.crzp.sk/?fn=detailBiblioForm&sid=41728D440EB1EF629016128922FE
Tags: Add Tag
No Tags, Be the first to tag this record!

MARC

LEADER 00000ntm a22000003a 4500
001 stuzp58785
003 SK-STU
005 20231004150850.3
007 ta
008 150427s2015----xo-----f-mn---000-0-slo-d
040 |a STU  |b slo 
041 0 |a slo 
100 1 |a Slováčik, Andrej  |u 010270  |4 aut  |U SvF Stavebná fakulta  |T SvF Katedra technológie stavieb  |X 42300  |U V270  |Y 28  |7 A000042300 
242 0 1 |a Use of multi-dimensional approach in the reconstruction of Faculty of Civil Engineering  |y eng 
245 1 0 |a Využitie viacdimenzionálneho prístupu pri rekonštrukcii SvF STU 
260 |c 2016 
650 4 |a bim  |2 slo 
650 4 |a management  |2 slo 
650 4 |a staveniska  |2 slo 
650 4 |a bim  |2 eng 
650 4 |a facility management  |2 eng 
650 4 |a reconstruction  |2 eng 
700 1 |a Funtík, Tomáš  |u 010270  |k Z1  |4 ths  |U SvF Stavebná fakulta  |T SvF Katedra technológie stavieb  |X 22617  |U V270  |Y 28  |7 A000022617 
856 4 |u http://is.stuba.sk/zp/portal_zp.pl?podrobnosti=117467 
856 4 |u https://opac.crzp.sk/?fn=detailBiblioForm&sid=41728D440EB1EF629016128922FE 
SQL |a stuzp58785  |b DDP  |c SLO  |d Využitie viacdimenzionálneho prístupu pri rekonštrukcii SvF STU  |e 42300  |f Slováčik, Andrej  |g 010270  |h 22617  |i Funtík, Tomáš  |j 20160615  |k 681  |l 01  |m http://is.stuba.sk/zp/portal_zp.pl?podrobnosti=117467  |n I-TS  |o 5.2.8. stavebníctvo